La filosofía en el mundo de hoy
Guardat en:
| Autor principal: | |
|---|---|
| Format: | Llibre |
| Idioma: | espanyol |
| Publicat: |
Madrid
Revista de Occidente
1963
|
| Edició: | 2a. ed |
| Matèries: | |
| Etiquetes: |
Afegir etiqueta
Sense etiquetes, Sigues el primer a etiquetar aquest registre!
|
MARC
| LEADER | 00000nam a2200000 a 4500 | ||
|---|---|---|---|
| 001 | UCZ3860 | ||
| 003 | CL-VaPUC | ||
| 008 | 951027e19630000SP |||||||||||||||||spa|d | ||
| 082 | 0 | 4 | |a 190 |b FER |2 21 |
| 100 | 0 | |a Ferrater Mora, José |e author |9 347708 | |
| 245 | 1 | 3 | |a La filosofía en el mundo de hoy |
| 250 | |a 2a. ed | ||
| 300 | |a 214 p | ||
| 942 | |c BK | ||
| 945 | |d 19951027 00:00:00 |a cmena | ||
| 260 | |a Madrid |b Revista de Occidente |c 1963 | ||
| 650 | 0 | |a Filosofía moderna |9 258121 | |
| 650 | 0 | |a Escuelas filosóficas |9 266232 | |
| 650 | 0 | |a Sociedad contemporánea |9 337179 | |
| 650 | 0 | |a Religión |9 255164 | |
| 650 | 0 | |a Artes |9 268202 | |
| 650 | 0 | |a Filosofía de las ciencias |9 256466 | |
| 650 | 0 | |a Ciencia |9 255691 | |
| 583 | |a last modification |c 19951027 00:00:00 |k Rodrigo Vera | ||
| 999 | |c 240306 |d 240304 | ||
| 952 | |0 0 |1 0 |4 0 |6 190_000000000000000_FER_1963 |7 0 |8 A |9 252133 |a BIBEDU |b BIBEDU |d 2019-11-18 |i 1591142 |o 190 FER 1963 |p 1591142 |r 2019-11-18 |w 2019-11-18 |y BK |k FIL | ||